| 000 | 00712nam a22002057a 4500 | ||
|---|---|---|---|
| 999 |
_c2031 _d2031 |
||
| 003 | AR-CdUCM | ||
| 008 | 190228b ||||| |||| 00| 0 eng d | ||
| 020 | _a9786034509115 | ||
| 040 |
_aMUNICIPALIDAD PROVINCIAL DEL CUSCO _cBIBLIOTECA MUNICIPAL DEL CUSCO |
||
| 082 |
_a398.20 / _bE42 |
||
| 245 | _aAnd the sacred valley of the incas / | ||
| 260 |
_aPerĂº : _bImpr.Ausonia SA, _c2011 |
||
| 300 |
_a160 paginas ; _bIlustraciones _c23 cm. |
||
| 505 | _aMan -- The origin of the city of cusco --The Qoricancha --Sasayhuaman --The sacred valled of the incas --Pisac --Moray ... | ||
| 650 |
_aIngles _97365 |
||
| 650 |
_aIdioma _93027 |
||
| 650 |
_aCultura _9126 |
||
| 942 |
_2ddc _cLIBROS |
||
| 945 |
_arjall _d2019-02-28 |
||